Homicide /

Guardat en:
Dades bibliogràfiques
Altres autors: Mamet, David, Deakins, Roger, Pressman, Edward R., Jans, Alaric, Hausman, Michael
Format: Diapositiva
Idioma:italià
Publicat: Milano : Panarecord, p1992
Etiquetes: Afegir etiqueta
Sense etiquetes, Sigues el primer a etiquetar aquest registre!

MARC

LEADER 00000ngm a22000007i 4500
001 IT\ICCU\RAV\1456617
003 ItRI
005 20260124182919.0
008 060712s1992 it |||||||||||||||k|||||c
028 4 2 |a VRVI270210 
040 |b ita 
041 7 |a ita  |2 ISO-639-2 
130 0 |a Homicide <film ; 1991>  |3 IT\ICCU\LO1\0918668 
245 0 0 |a Homicide /  |c di Dadid Mamet ; musica di Alaric Jans ; direttore della fotografia Roger Deakins ; prodotto da Micheal [i.e. Michael] Hausman e Edward R. Pressman ; scritto e diretto da David Mamet. 
260 |a Milano :  |b Panarecord,  |c p1992 
300 |a 1 videocassetta (VHS) (ca. 101 min.) :  |b color., son 
500 |a Tit. del contenitore 
500 |a Interpreti: Joe Mantegna, William H. Macy 
500 |a Produzione: USA, 1991. 
700 1 |a Mamet, David  |0 IT\ICCU\CFIV\026841 
700 1 |a Deakins, Roger  |0 IT\ICCU\LO1V\258741 
700 1 |a Pressman, Edward R.  |0 IT\ICCU\MODV\253801 
700 1 |a Jans, Alaric  |0 IT\ICCU\RAVV\089544 
700 1 |a Hausman, Michael  |0 IT\ICCU\RAVV\280670 
790 1 |a Mamet, David Alen  |3 IT\ICCU\CFIV\345494  |z Mamet, David 
790 1 |a Weisz, Richard  |3 IT\ICCU\SBNV\029033  |z Mamet, David 
790 1 |a Deakins, Roger A.  |3 IT\ICCU\SBNV\028984  |z Deakins, Roger 
942 |2 ddc  |c VM  |n 0 
952 |0 0  |1 0  |4 0  |6 VO_2033_000000000000000  |7 0  |9 27976  |a BO  |b BO  |d 2026-01-24  |i 16920  |l 0  |o VO 2033  |p BO16920  |r 2026-01-24 18:29:19  |w 2026-01-24  |x [Sebina 5] [1 videocassetta]  |y VM  |z 1 videocassetta 
999 |c 23713  |d 23713